000 00548nam a22001697a 4500
005 20251108174940.0
008 250721s2009 xx 000 0 ara d
082 1 4 _a133/جاب
100 1 _aالجابري، صلاح
245 1 0 _aخارقية الإنسان الباراسيكولوجي من المنظور العلمي /
264 1 _aدمشق :
_bدار صفحات للدراسات،
_c2009.
300 _a224ص.
650 1 7 _aعلم نفس التخاطر
650 1 7 _aالسحر والتنجيم
942 _2ddc
_cBK
999 _c122286
_d122286